Thủ thuật Excel 97 - 2000 - 2002
Sách viết dưới dạng câu hỏi - trả lời về thủ thuật khi sử dụng Excel, cách lập bảng tính, chỉnh cột dọc, ngang, cách chèn và xoá ô bằng chuột..
Sparad:
| Huvudupphovsman: | |
|---|---|
| Materialtyp: | Bok |
| Språk: | Undetermined |
| Publicerad: |
Hà Nội
Thanh Niên
2001
|
| Ämnen: | |
| Taggar: |
Lägg till en tagg
Inga taggar, Lägg till första taggen!
|
| Thư viện lưu trữ: | Trung tâm Học liệu Trường Đại học Cần Thơ |
|---|
| LEADER | 00800nam a2200205Ia 4500 | ||
|---|---|---|---|
| 001 | CTU_155514 | ||
| 008 | 210402s9999 xx 000 0 und d | ||
| 020 | |c 35000 | ||
| 082 | |a 005.54 | ||
| 082 | |b Đ455 | ||
| 100 | |a Lê, Xuân Đồng | ||
| 245 | 0 | |a Thủ thuật Excel 97 - 2000 - 2002 | |
| 245 | 0 | |c Lê Xuân Đồng, Phạm Hồng Tài | |
| 260 | |a Hà Nội | ||
| 260 | |b Thanh Niên | ||
| 260 | |c 2001 | ||
| 520 | |a Sách viết dưới dạng câu hỏi - trả lời về thủ thuật khi sử dụng Excel, cách lập bảng tính, chỉnh cột dọc, ngang, cách chèn và xoá ô bằng chuột.. | ||
| 650 | |a Microsoft Excel (Computer file) | ||
| 904 | |i Bạch Trúc | ||
| 980 | |a Trung tâm Học liệu Trường Đại học Cần Thơ | ||